Psikologi orang berjaya
| Main Author: | |
|---|---|
| Format: | Book |
| Published: |
Kuala Lumpur :
PTS Professional ,
2008
|
| Subjects: |
MARC
| LEADER | 00000cam a2200000 7i4500 | ||
|---|---|---|---|
| 001 | 0000022061 | ||
| 005 | 20080729.0 | ||
| 020 | |a 9789833586677 | ||
| 040 | |a INS | ||
| 090 | 0 | 0 | |a BF576 |b A46 2008 |
| 100 | 0 | |a Ainon Mohd. | |
| 245 | 1 | 0 | |a Psikologi orang berjaya |c Ainon Mohd. |
| 260 | |a Kuala Lumpur : |b PTS Professional , |c 2008 | ||
| 300 | |a viii, 289ms. : |b ill. ; |c 23cm. | ||
| 650 | 0 | 0 | |a Motivation (Psychology) |
| 650 | 0 | 0 | |a Success |x Psychological aspects |
| 999 | |a 0000020099 |b BOOK |c Open Shelf |e Default branch | ||